000 00818nam a2200217 a 4500
008 090109s2004 ||||||||||||||||| || u
020 _a0335207251
050 _aLC 3969 Inc
100 _aThomas, Gary
245 1 0 _aInclusive education: readings and reflections
_c[edited by] Gary Thomas and Mark Vaughan
260 _aNew York
_bOpen University Press
_c2004
300 _axv, 215p.: ill.
350 _a0.00
490 _aInclusive Education
650 _aEDUCATION--HUMAN RIGHTS
650 _aINCLUSIVE EDUCATION--PSYCHOLOGY
650 0 _aEDUCATIONAL TESTS AND MEASUREMENTS
650 _aSPECIAL EDUCATION
700 _aVaughan, Mark
995 _D0.00
_FCBU-MAIN LIBRARY (Kitwe)
_H1
_I0.00
_M1
_UAVAILABLE
_WApr 15, 2009
_ZAnnex Low-Usage Collection
999 _c46579
_d46579